| Поле | Название | Значение |
| |
Тип записи |
a |
| |
Библиографический уровень |
m |
| 001 |
Контрольный номер |
RU/УОНБ/EK_N/382017097 |
| 005 |
Дата корректировки |
20240130235050.3 |
| 010 |
Индекс ISBN |
__ |
| 9 |
Тираж |
2000 экз. |
| 013 |
Номер (ISMN) |
__ |
| a |
Номер (ISMN) |
978-5-222-17934-5 |
| d |
Цена |
207 р. 70 к. |
| 100 |
Данные общей обработки |
__ |
| a |
Данные общей обработки |
20120208d2011 u y0rusy0189||||ca |
| 101 |
Язык документа |
0_ |
| a |
Язык текста |
rus |
| 102 |
Страна публикации |
__ |
| a |
Страна публикации |
RU |
| 105 |
Кодированные данные (монография) |
__ |
| a |
Кодированные данные (монография) |
y###||||000|y |
| 125 |
Кодированные данные звукозаписи и нотных изданий |
__ |
| a |
Форма изложения нотного текста |
с| |
| 128 |
Кодированные данные (звукозаписи-физические характеристики) |
__ |
| a |
Кодированные данные: Музыкальная форма и тональность или лад |
zz |
| c |
Инструменты или голоса, рекомендуемые для солистов (устаревшее) |
ka|| |
| 200 |
Заглавие и сведения об ответственности |
1_ |
| a |
Заглавие |
Вып. 5 |
| 205 |
Сведения об издании |
__ |
| a |
Основные сведения об издании |
Изд. 2 |
| 210 |
Выходные данные |
1_ |
| d |
Дата издания |
2011 |
| 215 |
Физическое описание |
__ |
| a |
Объем |
118 c. |
| 327 |
Примечание о содержании |
11 |
| a |
Примечание о содержании |
Содерж. : Люлли Ж.-Б. Куранта. - Перселл Г. Три пьесы. - Глюк К. Мелодия : из оперы "Орфей". - Шуберт Ф. Ave Maria. - Мендельсон Ф. Песня венецианского гондольера. - Шопен Ф. Прелюдия. - Венявский Г. Вторая мазурка. - Глинка М. Разлука : ноктюрн. - Кюи Ц. Вальс. - Лядов А. Прелюдия. - Чайковский П. Баркарола. - Моцарт В. А. Тоска по весне. - Бетховен Л. Шотландская застольная. - Чайковский П. Средь шумного бала. - Куртис Э. Пой мне. - Россини Дж. Прогулка в гондоле : баркарола. - Модуньо Д. Селена. - Доницетти Г. Романс : из оперы "Любовный напиток". - Гуно Ш. Куплеты Зибеля : из оперы "Фауст". - Верди Дж. Марш : из оперы "Аида". - Верди Дж. Баллада Герцога : из оперы "Риголетто". - Верди Дж. Песня Азучены : из оперы "Трубадур". - Массне Ж. Ариозо Вертера : из оперы "Вертер". - Глинка М. Ария Людмилы : из оперы "Руслан и Людмила". - Мусоргский М. Песня Юродивого : из оперы "Борис Годунов". - Римский-Корсаков Н. Ария Марфы : из оперы "Царская невеста". - Чайковский П. Ариозо Германа : из оперы "Пиковая дама". - Штраус-сын И. Дуэт Берты и Генриха : из оперетты "Горячая кровь". - Оффенбах Ж. Ариетта : из оперетты "Перикола". - Стоггард Г. Фокстрот : из оперетты "Роз-Мари". - Штраус-сын И. Вальс : из оперетты "Цыганский барон". - Джойс А. Грезы. - Дюран А. Вальс. - Кремье О. Когда умирает умирает любовь : вальс-бостон. - Строк О. Не покидай. - Брюн К. Парижское танго. - Эллингтон Д. Искушенная леди. - Холланда К. Б. Карнавал. - Рид Л. Последний вальс. - Фальво А. Скажите, девушки. |
| 461 |
Уровень набора |
_0 |
| 1 |
|
001RU/УОНБ/EK_N/381926202 |
| 1 |
|
200 |
| a |
|
От классики до джаза |
| b |
|
[Ноты] |
| e |
|
любимые мелодии для фп. |
| f |
|
сост. Н. Сазонова |
| v |
|
Вып. 5 |
| 1 |
|
210 |
| a |
|
Ростов-на-Дону |
| c |
|
Феникс |
| d |
|
2011 |
| 1 |
|
225 |
| a |
|
Любимые мелодии |
| 464 |
Аналитический уровень |
_0 |
| 1 |
|
2001 |
| a |
|
Куранта |
| 1 |
|
700 1 |
| a |
|
Люлли |
| b |
|
Ж.-Б. |
| 4 |
|
230 |
| 464 |
Аналитический уровень |
_0 |
| 1 |
|
2001 |
| a |
|
Матросский танец |
| e |
|
пьеса |
| 1 |
|
700 1 |
| a |
|
Перселл |
| b |
|
Г. |
| 4 |
|
230 |
| 464 |
Аналитический уровень |
_0 |
| 1 |
|
2001 |
| a |
|
Мелодия |
| e |
|
из оперы "Орфей" |
| 1 |
|
700 1 |
| a |
|
Глюк |
| b |
|
К. |
| 4 |
|
230 |
| 1 |
|
50010 |
| a |
|
Орфей |
| 464 |
Аналитический уровень |
_0 |
| 1 |
|
2001 |
| a |
|
Ave Maria |
| 1 |
|
700 1 |
| a |
|
Шуберт |
| b |
|
Ф. |
| 4 |
|
230 |
| 464 |
Аналитический уровень |
_0 |
| 1 |
|
2001 |
| a |
|
Песня венецианского гондольера |
| 1 |
|
700 1 |
| a |
|
Мендельсон |
| b |
|
Ф. |
| 4 |
|
230 |
| 464 |
Аналитический уровень |
_0 |
| 1 |
|
2001 |
| a |
|
Прелюдия |
| 1 |
|
700 1 |
| a |
|
Шопен |
| b |
|
Ф. |
| 4 |
|
230 |
| 464 |
Аналитический уровень |
_0 |
| 1 |
|
2001 |
| a |
|
Вторая мазурка |
| 1 |
|
700 1 |
| a |
|
Венявский |
| b |
|
Г. |
| 4 |
|
230 |
| 464 |
Аналитический уровень |
_0 |
| 1 |
|
2001 |
| a |
|
Разлука |
| e |
|
ноктюрн |
| 1 |
|
700 1 |
| a |
|
Глинка |
| b |
|
М. |
| 4 |
|
230 |
| 464 |
Аналитический уровень |
_0 |
| 1 |
|
2001 |
| a |
|
Вальс |
| 1 |
|
700 1 |
| a |
|
Кюи |
| b |
|
Ц. |
| 4 |
|
230 |
| 464 |
Аналитический уровень |
_0 |
| 1 |
|
2001 |
| a |
|
Прелюдия |
| 1 |
|
700 1 |
| a |
|
Лядов |
| b |
|
А. |
| 4 |
|
230 |
| 464 |
Аналитический уровень |
_0 |
| 1 |
|
2001 |
| a |
|
Баркарола |
| 1 |
|
700 1 |
| a |
|
Чайковский |
| b |
|
П. |
| 4 |
|
230 |
| 464 |
Аналитический уровень |
_0 |
| 1 |
|
2001 |
| a |
|
Тоска по весне |
| 1 |
|
700 1 |
| a |
|
Моцарт |
| b |
|
В. А. |
| 4 |
|
230 |
| 464 |
Аналитический уровень |
_0 |
| 1 |
|
2001 |
| a |
|
Шотландская застольная |
| 1 |
|
700 1 |
| a |
|
Бетховен |
| b |
|
Л. |
| 4 |
|
230 |
| 464 |
Аналитический уровень |
_0 |
| 1 |
|
2001 |
| a |
|
Средь шумного бала |
| 1 |
|
700 1 |
| a |
|
Чайковский |
| b |
|
П. |
| 4 |
|
230 |
| 464 |
Аналитический уровень |
_0 |
| 1 |
|
2001 |
| a |
|
Пой мне |
| 1 |
|
700 1 |
| a |
|
Куртис |
| b |
|
Э. |
| 4 |
|
230 |
| 464 |
Аналитический уровень |
_0 |
| 1 |
|
2001 |
| a |
|
Прогулка в гондоле |
| e |
|
баркарола |
| 1 |
|
700 1 |
| a |
|
Россини |
| b |
|
Дж. |
| 4 |
|
230 |
| 464 |
Аналитический уровень |
_0 |
| 1 |
|
2001 |
| a |
|
Селена |
| 1 |
|
700 1 |
| a |
|
Модуньо |
| b |
|
Д. |
| 4 |
|
230 |
| 464 |
Аналитический уровень |
_0 |
| 1 |
|
2001 |
| a |
|
Романс |
| e |
|
из оперы "Любовный напиток" |
| 1 |
|
700 1 |
| a |
|
Доницетти |
| b |
|
Г. |
| 4 |
|
230 |
| 1 |
|
50010 |
| a |
|
Любовный напиток |
| 464 |
Аналитический уровень |
_0 |
| 1 |
|
2001 |
| a |
|
Куплеты Зибеля |
| e |
|
из оперы "Фауст" |
| 1 |
|
700 1 |
| a |
|
Гуно |
| b |
|
Ш. |
| 4 |
|
230 |
| 1 |
|
50010 |
| a |
|
Фауст |
| 464 |
Аналитический уровень |
_0 |
| 1 |
|
2001 |
| a |
|
Марш |
| e |
|
из оперы "Аида" |
| 1 |
|
700 1 |
| a |
|
Верди |
| b |
|
Дж. |
| 4 |
|
230 |
| 1 |
|
50010 |
| a |
|
Аида |
| 464 |
Аналитический уровень |
_0 |
| 1 |
|
2001 |
| a |
|
Баллада Герцога |
| e |
|
из оперы "Риголетто" |
| 1 |
|
700 1 |
| a |
|
Верди |
| e |
|
Дж. |
| 4 |
|
230 |
| 1 |
|
50010 |
| a |
|
Риголетто |
| 464 |
Аналитический уровень |
_0 |
| 1 |
|
2001 |
| a |
|
Песня Азучены |
| e |
|
из оперы "Трубадур" |
| 1 |
|
700 1 |
| a |
|
Верди |
| b |
|
Дж. |
| 4 |
|
230 |
| 1 |
|
50010 |
| a |
|
Трубадур |
| 464 |
Аналитический уровень |
_0 |
| 1 |
|
2001 |
| a |
|
Ариозо Вертера |
| e |
|
из оперы "Вертер" |
| 1 |
|
700 1 |
| a |
|
Массне |
| b |
|
Ж. |
| 4 |
|
230 |
| 1 |
|
50010 |
| a |
|
Вертер |
| 464 |
Аналитический уровень |
_0 |
| 1 |
|
2001 |
| a |
|
Ария Людмилы |
| e |
|
из оперы "Руслан и Людмила" |
| 1 |
|
700 1 |
| a |
|
Глинка |
| b |
|
М. |
| 4 |
|
230 |
| 1 |
|
50010 |
| a |
|
Руслан и Людмила |
| 464 |
Аналитический уровень |
_0 |
| 1 |
|
2001 |
| a |
|
Песня Юродивого |
| e |
|
из оперы "Борис Годунов" |
| 1 |
|
700 1 |
| a |
|
Мусоргский |
| b |
|
М. |
| 4 |
|
230 |
| 1 |
|
50010 |
| a |
|
Борис Годунов |
| 464 |
Аналитический уровень |
_0 |
| 1 |
|
2001 |
| a |
|
Ария Марфы |
| e |
|
из оперы "Царская невеста" |
| 1 |
|
700 1 |
| a |
|
Римский-Корсаков |
| b |
|
Н. |
| 4 |
|
230 |
| 1 |
|
50010 |
| a |
|
Царская невеста |
| 464 |
Аналитический уровень |
_0 |
| 1 |
|
2001 |
| a |
|
Ариозо Германа |
| e |
|
из оперы "Пиковая дама" |
| 1 |
|
700 1 |
| a |
|
Чайковский |
| b |
|
П. |
| 4 |
|
230 |
| 1 |
|
50010 |
| a |
|
Пиковая дама |
| 464 |
Аналитический уровень |
_0 |
| 1 |
|
2001 |
| a |
|
Дуэт Берты и Генриха |
| e |
|
из оперетты "Горячая кровь" |
| 1 |
|
700 1 |
| a |
|
Штраус-сын |
| b |
|
И. |
| 4 |
|
230 |
| 1 |
|
50010 |
| a |
|
Горячая кровь |
| 464 |
Аналитический уровень |
_0 |
| 1 |
|
2001 |
| a |
|
Ариетта |
| e |
|
из оперетты "Перикола" |
| 1 |
|
700 1 |
| a |
|
Оффенбах |
| b |
|
Ж. |
| 4 |
|
230 |
| 1 |
|
50010 |
| a |
|
Перикола |
| 464 |
Аналитический уровень |
_0 |
| 1 |
|
2001 |
| a |
|
Фокстрот |
| e |
|
из оперетты "Роз-Мари" |
| 1 |
|
700 1 |
| a |
|
Стоггард |
| b |
|
Г. |
| 4 |
|
230 |
| 1 |
|
50010 |
| a |
|
Роз-Мари |
| 464 |
Аналитический уровень |
_0 |
| 1 |
|
2001 |
| a |
|
Вальс |
| e |
|
из оперетты "Цыганский барон" |
| 1 |
|
700 1 |
| a |
|
Штраус-сын |
| b |
|
И. |
| 4 |
|
230 |
| 1 |
|
50010 |
| a |
|
Цыганский барон |
| 464 |
Аналитический уровень |
_0 |
| 1 |
|
2001 |
| a |
|
Грезы |
| 1 |
|
700 1 |
| a |
|
Джойс |
| b |
|
А. |
| 4 |
|
230 |
| 464 |
Аналитический уровень |
_0 |
| 1 |
|
2001 |
| a |
|
Вальс |
| 1 |
|
700 1 |
| a |
|
Дюран |
| b |
|
А. |
| 4 |
|
230 |
| 464 |
Аналитический уровень |
_0 |
| 1 |
|
2001 |
| a |
|
Когда умирает умирает любовь |
| e |
|
вальс-бостон |
| 1 |
|
700 1 |
| a |
|
Кремье |
| b |
|
О. |
| 4 |
|
230 |
| 464 |
Аналитический уровень |
_0 |
| 1 |
|
2001 |
| a |
|
Не покидай |
| 1 |
|
700 1 |
| a |
|
Строк |
| b |
|
О. |
| 4 |
|
230 |
| 464 |
Аналитический уровень |
_0 |
| 1 |
|
2001 |
| a |
|
Парижское танго |
| 1 |
|
700 1 |
| a |
|
Брюн |
| b |
|
К. |
| 4 |
|
230 |
| 464 |
Аналитический уровень |
_0 |
| 1 |
|
2001 |
| a |
|
Искушенная леди |
| 1 |
|
700 1 |
| a |
|
Эллингтон |
| b |
|
Д. |
| 4 |
|
230 |
| 464 |
Аналитический уровень |
_0 |
| 1 |
|
2001 |
| a |
|
Карнавал |
| 1 |
|
700 1 |
| a |
|
Холланда |
| b |
|
К. Б. |
| 4 |
|
230 |
| 464 |
Аналитический уровень |
_0 |
| 1 |
|
2001 |
| a |
|
Последний вальс |
| 1 |
|
700 1 |
| a |
|
Рид |
| b |
|
Л. |
| 4 |
|
230 |
| 464 |
Аналитический уровень |
_0 |
| 1 |
|
2001 |
| a |
|
Скажите, девушки |
| 1 |
|
700 1 |
| a |
|
Фальво |
| b |
|
А. |
| 4 |
|
230 |
| 464 |
Аналитический уровень |
_0 |
| 1 |
|
2001 |
| a |
|
Ария |
| e |
|
пьеса |
| 1 |
|
700 1 |
| a |
|
Перселл |
| b |
|
Г. |
| 4 |
|
230 |
| 464 |
Аналитический уровень |
_0 |
| 1 |
|
2001 |
| a |
|
Менуэт |
| e |
|
пьеса |
| 1 |
|
700 1 |
| a |
|
Перселл |
| b |
|
Г. |
| 4 |
|
230 |
| 606 |
Тематические рубрики |
0_ |
| a |
Основная рубрика |
Фортепиано |
| 610 |
Ключевые слова |
0_ |
| a |
Ключевые слова |
фортепиано |
| 686 |
Индексы других классификаций |
__ |
| a |
Классификационный индекс |
85.954.2-058.8я43 |
| 2 |
Код системы |
rubbk |
| 801 |
Источник записи |
_0 |
| a |
Страна |
RU |
| b |
Организация |
Ульяновская ОНБ |
| c |
Дата составления |
20120208 |
| g |
Правила каталогизации |
RCR |
| 801 |
Источник записи |
_1 |
| a |
Страна |
RU |
| b |
Организация |
Ульяновская ОНБ |
| c |
Дата составления |
20120208 |
| g |
Правила каталогизации |
RCR |
| 901 |
Тип документа |
__ |
| t |
Тип документа |
n |
| w |
Контрольный № источника |
RU/УОНБ/EK_N/381926202 |
| 909 |
Создатель записи |
__ |
| a |
Создатель записи |
Лобина Л. И. |
| 938 |
Служебная информация |
__ |
| a |
Имя БД |
noti |
| b |
Имя библиотеки |
УОНБ |
| c |
Имя АИБС |
МАРК-SQL |
| d |
Номер DOC_ID в БД |
9561 |